|
|
|
|
| LEADER |
00000nbm0a2200000 4500 |
| 001 |
68109 |
| 005 |
20240117094500.0 |
| 035 |
|
|
|a (RuTPU)RU\TPU\book\72508
|
| 090 |
|
|
|a 68109
|
| 100 |
|
|
|a 20040930d1982 k y0rusy50 ca
|
| 101 |
0 |
|
|a rus
|
| 102 |
|
|
|a RU
|
| 105 |
|
|
|a a m 001zy
|
| 200 |
1 |
|
|a Разработка методик и исследование объемных зарядов в полимерах в процессе их электрического старения
|e диссертация на соискание ученой степени кандидата технических наук
|e спец. 05.14.12.
|f С. М. Лебедев
|g Томский политехнический институт; науч. рук.: В. Я. Ушаков
|
| 210 |
|
|
|a Томск
|c [Б. и.]
|d 1982
|
| 215 |
|
|
|a 136 л.
|c ил.
|
| 320 |
|
|
|a Библиогр.: с. 114-125 (110 назв.)
|
| 610 |
1 |
|
|a высокие напряжения
|
| 610 |
1 |
|
|a техника
|
| 610 |
1 |
|
|a разработка
|
| 610 |
1 |
|
|a методики
|
| 610 |
1 |
|
|a исследование
|
| 610 |
1 |
|
|a заряды
|
| 610 |
1 |
|
|a полимеры
|
| 610 |
1 |
|
|a старение
|
| 610 |
1 |
|
|a диссертации
|
| 675 |
|
|
|a 621.315.616(048)
|v 3
|
| 686 |
|
|
|a 05.14.12.
|2 oksvnk
|
| 700 |
|
1 |
|a Лебедев
|b С. М.
|c физик
|c заведующий лабораторией Томского политехнического университета, доктор технических наук
|f 1954-
|g Сергей Михайлович
|3 (RuTPU)RU\TPU\pers\25466
|
| 702 |
|
1 |
|a Ушаков
|b В. Я.
|c специалист в области электроэнергетики
|c профессор Томского политехнического университета, доктор технических наук
|f 1939-
|g Василий Яковлевич
|3 (RuTPU)RU\TPU\pers\10509
|4 727
|9 2236
|
| 712 |
0 |
2 |
|a Томский политехнический институт
|3 (RuTPU)RU\TPU\col\1123
|
| 801 |
|
1 |
|a RU
|b 63413507
|c 20040930
|g PSBO
|
| 801 |
|
2 |
|a RU
|b 63413507
|c 20151126
|g PSBO
|
| 942 |
|
|
|c BK
|